000 00572nam a2200193 i 4500
001 85967
003 ES-MaACL
005 20250822062548.0
007 t|
008 041203s1969 sp ||||1| spa d
100 1 _aKelly, E. Lowell.
_967786
245 1 3 _aLa valuación de las cualidades humanas /
_cE. Lowell Kelly ; versión española por J.A. Baca.
260 _aAlcoy :
_bMarfil,
_c1969.
300 _a143 p. ;
_c20 cm.
650 0 7 _aPsicología
_2embne
_916540
700 1 _aBaca Mateos, José A.
_924429
852 _aES-MaACL
_jC-39645
999 _c85967
_d85967